zpět

Detail výsledku týmu

Hostinec v Doubku, Doubek

Datum a čas kvízu

26 Celkem bodů Celkový počet nahraných bodů na tomto kvízu bez doplňovacích otázek.
10. Pořadí na kvízu Konečné umístění týmu na tomto kvízu.

Zaznamenané odpovědi

# Otázka Odpověď Body Výsledky
1. Ve středu rozhodl Ústavní soud... Milion chvilek pro demokracii 0
2. V pondělí proběhla inaugurace... Michelle Obama 1
3. Reality show Bachelor ve střed... Sabina (Pšádová) 1
4. V noci na úterý jsme mohli na... C) 6 planet Sluneční soustavy najednou 1
5. Úterní zápas fotbalové Ligy mi... Benfica (Lisabon), Barcelona 1
6. Za půl bodu napište, jak se jm... Tři soutěsky; Čína 0
7. Kterým přídavným jménem na 11... geotermální 0
8. Akademik Lomonosov je ruská ja... B 0
9. Soustava Niagarských vodních e... o Nikolu Teslu 1
10. Téma zakončíme v České republi... 4 0